lande i den ottomanske kongefamilie - Statistics

General Stats
  • This quiz has been taken 19 times
  • The average score is 6 of 14
Answer Stats
Hint Answer % Correct
Europa Grækenland
80%
Europa Italien
67%
Europa / Asien Rusland
67%
Europa Frankrig
60%
Europa Ukraine
60%
Europa Bulgarien
53%
Europa Rumænien
47%
Europa Serbien
47%
Europa Albanien
40%
Europa Bosnien
40%
Asien Indien
33%
Asien Georgien
27%
Europa Kosovo
20%
Europa / Asien Kalkun
7%
No matching quizzes found
Score Distribution
Percent of People with Each Score
Percentile by Number Answered
Your Score History
You have not taken this quiz